Nations of the Seventh Coalition - Statistics

General Stats
  • This quiz has been taken 31 times
  • The average score is 9 of 14
Answer Stats
Years Involved Nation % Correct
1815 French Empire
96%
1815 Kingdom of France
96%
1815 United Kingdom
96%
1815 Austria
93%
1815 Prussia
93%
1815 Russia
93%
1815 Netherlands
85%
1815 Switzerland
56%
1815 Hanover
48%
1815 Sardinia
37%
1815 Wurttemberg
37%
1815 Tuscany
26%
1815 Brunswick
19%
1815 Nassau
15%
No matching quizzes found
Score Distribution
Percent of People with Each Score
Percentile by Number Answered
Your Score History
You have not taken this quiz